Statistiques concernant Pays affectés par le jour polaire

Cliquez ici pour prendre le quiz!

Statistiques générales

  • Ce quiz a été pris 69 fois
  • Le résultat moyen est 7 sur 7

Statistiques - réponses

Réponses% Correct
Canada
98%
Russie
98%
Finlande
97%
Norvège
97%
Suède
97%
Groenland
95%
Etats-Unis
86%

Distribution des résultats

Percentile par nombre de réponses

% des personnes avec chaque résultat

Votre développement - résultats

Vous n’avez pas pris ce quiz